LEADER 00977nam a2200241 i 4500 001 000000173821 003 CaOOAMICUS 005 20080730000000.0 008 080730n it u000 u ita u 013 $a151275 040 $aSeMil$bita 245 10$aLodi :$bla Cattedrale. 260 $a[Lodi] :$bEdizioni A.P.T. del Lodigiano,$c[199?] 300 $a1 fasc. :$briccamente ill. ;$c30 cm. 490 0 $aLodigiano : il paese dei colori ;$v1 500 $aIn raccoglitore. 650 4$aLodi - Chiese - Basilica cattedrale della Vergine Assunta (Duomo).$0(OLS)http://semarc/subject/12566 830 0$aLodigiano : il paese dei colori ;$v1.$0(OLS)http://semarc/title/25659 850 $aSeMil 852 $aSeMil$W1$xVenegono$y1$m5R XI 64/1$j124666$B124666$CSeMilBibl$Z2$F135766 $81 961 $aOmaggio: Altro 996 $6245$aLodi :$bla Cattedrale$9(OLS)http://semarc/title/249091 996 $6260$a[Lodi] :$bEdizioni A.P.T. del Lodigiano$9(OLS)http://semarc/publisher/35135 LEADER 01004nam a2200229 i 4500 001 000000037864 003 CaOOAMICUS 005 20140512000000.0 008 140512s1946 xx u000 u ger u 013 $a8243 040 $aSeMil$bita 100 1 $aCullmann, Oscar,$d<1902-1999>.$0(OLS)http://semarc/name/13511 245 10$aChristus und die Zeit :$bdie urchristliche Zeit- und Geschichtsauffassung /$cvon Oscar Cullmann. 260 $aZollikon-Zürich :$bEvangelischer Verlag,$c1946. 300 $a224 p. ;$c24 cm. 650 4$aBibbia - Tempo.$0(OLS)http://semarc/subject/7623 650 4$aSalvezza - Teologia.$0(OLS)http://semarc/subject/319 850 $aSeMil 852 $aSeMil$W1$xVenegono$y1$m2K III 211$j4019$B4019$CSeMilBibl$Z2$F4019 $81 961 $aOmaggio: Donazione 996 $6245$aChristus und die Zeit :$bdie urchristliche Zeit- und Geschichtsauffassung$9(OLS)http://semarc/title/53204 996 $6260$aZollikon-Zürich :$bEvangelischer Verlag$9(OLS)http://semarc/publisher/38247